000 00496nam a2200145Ia 4500
008 151213s9999 xx 000 0 und d
100 _aমনসূর মূসা।
245 _aবাংলাদেশের রাষ্ট্র ভাষা।
_cমনসূর মূসা।
250 _a১ম সং
260 _aঢাকা
_bবাংলা একাডেমী।
_c1995
300 _a4552 p.
650 _aBangla
700 _aমনসূর মূসা।
999 _c2926
_d2926